000 00377 a2200109 4500
001 ART_4732
005 20260410161824.0
008 260409a
245 1 0 _aEducación, formación y empleo en Alemania, Japón y Estados Unidos
100 1 _aMünch, Joachím
773 0 _tRevista de trabajo
_gFormación profesional - Año 1, Nº 1 (mar./abr. 1994)
_wREV4713
999 _c22612
_d22612